palabras mas utilizadas en italiano - Estadísticas

Estadísticas generales
  • Esta prueba ha sido intentada 174 veces
  • La puntuación promedio es 41 de 105
Estadísticas de respuestas
pregunta respuesta % Correcto
es e
92%
De Di
83%
la la
83%
no non
81%
una un
79%
para per
77%
pero ma
74%
que Che
72%
haces fa
71%
aqui qui
70%
son sono
69%
tengo ho
67%
en in
66%
tiene ha
65%
siempre sempre
65%
bien bene
61%
que cosa
60%
la le
60%
mucho molto
60%
sabe sa
60%
mujer donna
59%
vida vita
58%
este questo
56%
nada niente
55%
pequena piccola
54%
pequeno piccolo
53%
dios dio
52%
dia giorno
51%
mas più
51%
somos siamo
51%
cuando quando
50%
hombre uomo
50%
de da
49%
su suo
49%
quiero voglio
49%
anos anni
48%
entonces allora
47%
favor favore
47%
como come
46%
la lo
44%
creo credo
43%
ser essere
42%
puedo posso
42%
esta questa
42%
todo tutti
42%
e y
42%
hacer fare
41%
tambien anche
40%
despues dopo
40%
hecho fatto
40%
tienen hanno
40%
senor signore
40%
ir andare
39%
mi mia
39%
decir dire
38%
de nada prego
38%
da la della
36%
ahora ora
36%
tenemos abbiamo
35%
otro altro
35%
me mio
35%
primero prima
35%
dicho detto
34%
sabes sai
34%
asi,tan cosi
33%
ninguno nessuno
33%
esto quel
33%
todavia ancora
32%
la il
32%
sin senza
32%
demasiado troppo
31%
mejor meglio
30%
debo devo
28%
alguien qualcuno
28%
vienes vieni
28%
vez volta
28%
ahora adesso
27%
mis miei
27%
necesito bisogno
26%
algo qualcosa
25%
parece sembra
24%
afuera fuori
23%
que chi
22%
debes devi
22%
luego poi
22%
entre tra
21%
porque perque
20%
la gli
18%
tal vez forse
17%
en nel
17%
malo male
15%
lugar posto
15%
siempre mai
14%
cosa cose
12%
vamos andiamos
8%
realmente davvero
8%
algunos qualche
8%
es sta
8%
su tuo
5%
debe avete
4%
aqui ecco
3%
eso aquello
0%
despues quidi
0%
estos stai
0%
real verona
0%
No se encontraron pruebas coincidentes
Distribución de puntuación
Porcentaje de gente con cada puntuación
Porcentaje por número respondido
Historial de tus puntuaciones
No has intentado esta prueba.